Alle Städte an der Weser - Statistiken

Allgemein
  • Dieses Quiz wurde 133 mal gespielt
  • Das Durchschnittsergebnis liegt bei 13 aus 23
Antwortstatistiken
Einwohner Stadt Bundesland % Korrekt
567.559 Bremen Bremen
97%
113.643 Bremerhaven Bremen
96%
81.716 Minden NRW
82%
57.434 Hameln NI
81%
23.609 Hann. Münden NI
75%
31.448 Nienburg/Weser NI
70%
31.923 Achim NI
65%
19.841 Holzminden NI
65%
35.631 Porta Westfalica NRW
63%
27.706 Verden (Aller) NI
63%
28.808 Höxter NRW
62%
48.604 Bad Oeynhausen NRW
58%
14.860 Brake (Unterweser) NI
53%
25.424 Rinteln NI
53%
3.644 Bad Karlshafen Hessen
49%
26.139 Nordenham NI
49%
18.380 Vlotho NRW
44%
9.114 Elsfleth NI
41%
25.119 Petershagen NRW
41%
5.573 Bodenwerder NI
37%
13.103 Beverungen NRW
36%
3.898 Hoya NI
32%
18.112 Hessisch Oldendorf NI
29%
Keine übereinstimmenden Quizze gefunden
Verteilung der Resultate
Anzahl Personen mit jedem Resultat
Perzentil nach korrekt beantworteten Fragen
Ihre Resultats-Entwicklung
Sie haben dieses Quiz noch nicht gespielt